[Event "60th ch-RUS Higher League"]
[Site "Krasnoyarsk RUS"]
[Date "2007.09.10"]
[Round "7"]
[White "Alavkin,A"]
[Black "Kremenietsky,AnM"]
[Result "1-0"]
[WhiteElo "2500"]
[BlackElo "2353"]
[EventDate "2007.09.03"]

1. e4 c5 2. Nf3 g6 3. d4 Bg7 4. dxc5 Qa5+ 5. c3 Qxc5 6. Be3 Qc7 7. Bd4 e5
8. Be3 Nf6 9. Na3 Nxe4 10. Nb5 Qd8 11. Qd5 a6 12. Na7 Rxa7 13. Bxa7 Nc6 14.
Be3 Nf6 15. Qd2 d5 16. Rd1 h6 17. Be2 Be6 18. O-O Ne4 19. Qc1 f5 20. Nd2 d4
21. cxd4 exd4 22. Bc4 Qe7 23. Bf4 g5 24. Rfe1 Bxc4 25. Qxc4 gxf4 26. f3 Qd7
27. fxe4 Kd8 28. Nb3 Kc7 29. Nc5 1-0

[Event "60th ch-RUS Higher League"]
[Site "Krasnoyarsk RUS"]
[Date "2007.09.10"]
[Round "7"]
[White "Sidorov,A"]
[Black "Keosidi,K"]
[Result "1-0"]
[WhiteElo "2438"]
[BlackElo "2409"]
[EventDate "2007.09.03"]

1. c4 e5 2. Nc3 Nc6 3. g3 g6 4. Bg2 Bg7 5. Rb1 a5 6. a3 Nge7 7. d3 O-O 8.
e3 d6 9. Nge2 Be6 10. Nd5 Qd7 11. O-O Nd8 12. Nec3 Nc8 13. Ne4 f6 14. b4 c6
15. Ndc3 axb4 16. Rxb4 h6 17. Na4 f5 18. Nec3 Qf7 19. Ne2 g5 20. Nb6 Nxb6
21. Rxb6 e4 22. Nd4 Bxd4 23. exd4 d5 24. dxe4 dxe4 25. d5 Bc8 26. Bb2 Kh7
27. Qd4 Ra4 28. Qc3 Re8 29. Rd1 Ra6 30. Rxa6 bxa6 31. Qd4 cxd5 32. cxd5 Bd7
33. g4 Kg6 34. h3 fxg4 35. hxg4 Bxg4 36. Bxe4+ Kh5 37. Kg2 Bxd1 38. Qxd1+
g4 39. Qh1+ Kg5 40. Bc1+ Kf6 41. Qxh6+ Ke5 42. Qe3 Kd6 43. Qb6+ Ke5 44. Qe3
Kd6 45. Qg3+ Kc5 46. Qc3+ Kd6 47. Qb4+ Kd7 48. Qa4+ Kc7 49. Kg3 Rf8 50.
Qa5+ Kd7 51. Qa4+ Kc7 52. Qc2+ Kd7 53. Bh6 Rh8 54. Bf5+ Kd6 55. Bf4+ Kxd5
56. Qd3+ Kc6 57. Be4+ Kb6 58. Qd4+ 1-0

[Event "60th ch-RUS Higher League"]
[Site "Krasnoyarsk RUS"]
[Date "2007.09.11"]
[Round "8"]
[White "Rychagov,A"]
[Black "Vitiugov,N"]
[Result "1/2-1/2"]
[WhiteElo "2557"]
[BlackElo "2608"]
[EventDate "2007.09.03"]

1. d4 d5 2. c4 e6 3. Nf3 Nf6 4. Nc3 c6 5. Bg5 h6 6. Bxf6 Qxf6 7. e3 Nd7 8.
Bd3 dxc4 9. Bxc4 g6 10. O-O Bg7 11. e4 e5 12. d5 O-O 13. h3 Nb6 14. Bb3 Rd8
15. Qe2 Bd7 16. Rfd1 Rac8 17. Rd2 cxd5 18. Nxd5 Nxd5 19. Bxd5 Bc6 20. Rad1
Bxd5 21. Rxd5 Rxd5 22. Rxd5 Qc6 23. Kh2 1/2-1/2

[Event "60th ch-RUS Higher League"]
[Site "Krasnoyarsk RUS"]
[Date "2007.09.11"]
[Round "8"]
[White "Savchenko,B"]
[Black "Galkin,A"]
[Result "1/2-1/2"]
[WhiteElo "2577"]
[BlackElo "2608"]
[EventDate "2007.09.03"]

1. e4 c6 2. d4 d5 3. f3 e6 4. Nc3 Bb4 5. Nge2 Ne7 6. h4 dxe4 7. fxe4 e5 8.
a3 Ba5 9. d5 cxd5 10. b4 d4 11. bxa5 Qxa5 12. h5 h6 13. Qd3 Nbc6 14. Qg3
Rg8 15. Bb2 dxc3 16. Nxc3 Be6 17. O-O-O a6 18. Nd5 Nxd5 19. exd5 Bxd5 20.
Bd3 O-O-O 21. Bh7 Rge8 22. Qxg7 Kb8 23. Rhe1 Rd6 24. Re3 Ka8 25. g4 Red8
26. Red3 Bf3 27. Rxd6 Rxd6 28. Qf8+ Rd8 29. Rxd8+ Nxd8 30. Kb1 Bxg4 31.
Qxh6 Qe1+ 32. Bc1 Ne6 33. Bd3 Nf4 34. Qf8+ Ka7 35. Qc5+ Ka8 36. Bc4 Ne2 37.
Bxe2 Qxe2 38. a4 Qd1 39. Qxe5 Bxh5 40. Kb2 Bg6 41. Qe8+ Ka7 42. Be3+ b6 43.
Qc6 Qxc2+ 1/2-1/2

[Event "60th ch-RUS Higher League"]
[Site "Krasnoyarsk RUS"]
[Date "2007.09.11"]
[Round "8"]
[White "Kokarev,Dm"]
[Black "Kurnosov,I"]
[Result "1/2-1/2"]
[WhiteElo "2551"]
[BlackElo "2579"]
[EventDate "2007.09.03"]

1. g3 e5 2. c4 Nf6 3. Bg2 d5 4. cxd5 Nxd5 5. Nc3 Nb6 6. Nf3 Nc6 7. O-O Be7
8. Rb1 f6 9. a3 O-O 10. b4 Be6 11. d3 a5 12. b5 Nd4 13. Nxd4 exd4 14. Na4
Bd5 15. Nxb6 cxb6 16. a4 Bxg2 17. Kxg2 Qd5+ 18. Kg1 Rfd8 19. e4 dxe3 20.
Bxe3 Bc5 21. Qb3 Rac8 22. Rfe1 Bxe3 23. Qxd5+ Rxd5 24. Rxe3 Kf7 25. Rb3 Rd4
26. Ra3 Rc1+ 27. Kg2 f5 28. Re2 g5 29. h3 h5 1/2-1/2

[Event "60th ch-RUS Higher League"]
[Site "Krasnoyarsk RUS"]
[Date "2007.09.11"]
[Round "8"]
[White "Panarin,M"]
[Black "Potkin,V"]
[Result "1/2-1/2"]
[WhiteElo "2529"]
[BlackElo "2591"]
[EventDate "2007.09.03"]

1. e4 c5 2. Nf3 e6 3. c3 d5 4. e5 d4 5. Bd3 Nc6 6. O-O Nge7 7. Be4 Bd7 8.
b4 Ng6 9. bxc5 Bxc5 10. Bb2 d3 11. Bxd3 Ngxe5 12. Be2 Nxf3+ 13. Bxf3 O-O
14. d4 Bd6 15. Nd2 1/2-1/2

[Event "60th ch-RUS Higher League"]
[Site "Krasnoyarsk RUS"]
[Date "2007.09.11"]
[Round "8"]
[White "Shomoev,A"]
[Black "Nechepurenko,R"]
[Result "1-0"]
[WhiteElo "2561"]
[BlackElo "2510"]
[EventDate "2007.09.03"]

1. e4 c5 2. Nf3 d6 3. d4 cxd4 4. Nxd4 Nf6 5. Nc3 a6 6. Bg5 e6 7. f4 Qb6 8.
Qd2 Nc6 9. Bxf6 gxf6 10. Nb3 Bd7 11. Be2 Rg8 12. Bh5 Rg7 13. O-O-O O-O-O
14. Kb1 Kb8 15. Rhf1 Na5 16. Nxa5 Qxa5 17. f5 Qe5 18. g4 Bc6 19. Rfe1 Be7
20. Nd5 Bf8 21. Qf2 Rc8 22. Nb6 Rc7 23. Rd5 exd5 24. exd5 Be8 25. Rxe5 dxe5
26. Qd2 Ka7 27. d6 Rc6 28. d7 Bxd7 29. Nxd7 Rd6 30. Qe3+ b6 31. Nxf8 Rd1+
32. Qc1 Rxc1+ 33. Kxc1 Kb7 34. Nd7 1-0

[Event "60th ch-RUS Higher League"]
[Site "Krasnoyarsk RUS"]
[Date "2007.09.11"]
[Round "8"]
[White "Chuprov,D"]
[Black "Kiselev,G"]
[Result "1-0"]
[WhiteElo "2554"]
[BlackElo "2434"]
[EventDate "2007.09.03"]

1. e4 e5 2. Bc4 Nf6 3. d3 Nc6 4. Nc3 Na5 5. Nf3 Nxc4 6. dxc4 Bb4 7. Qd3 d6
8. Bd2 Be6 9. Nd5 Bxd2+ 10. Nxd2 Nd7 11. Ne3 Nc5 12. Qe2 O-O 13. O-O Qg5
14. b4 Nd7 15. Nb3 Nf6 16. Nd5 Nh5 17. Qe3 Qd8 18. Na5 c6 19. Nxb7 Qd7 20.
Na5 Rac8 21. Nc3 f5 22. exf5 Bxf5 23. Rad1 Nf4 24. c5 d5 25. Nc4 Bxc2 26.
Nxe5 Qf5 27. Rd4 Rce8 28. Rxf4 Qxf4 29. Qxf4 Rxf4 30. Nxc6 d4 31. Nd5 Rfe4
32. f3 Re2 33. Nxd4 Rd2 34. Nxc2 Rxc2 35. a3 Rd2 36. Nc3 Rc2 37. Ne4 Rd8
38. Nd6 Rd7 39. Re1 g6 40. h4 Kg7 41. Re3 a5 42. Kh2 axb4 43. axb4 Ra7 44.
Kg3 Raa2 45. Kf4 Rc1 46. g4 Rb2 47. Re4 Rb3 48. Ke5 Rxf3 49. Kd5 Rfc3 50.
g5 h5 51. Kc6 1-0

[Event "60th ch-RUS Higher League"]
[Site "Krasnoyarsk RUS"]
[Date "2007.09.11"]
[Round "8"]
[White "Zablotsky,S"]
[Black "Kryakvin,D"]
[Result "0-1"]
[WhiteElo "2498"]
[BlackElo "2554"]
[EventDate "2007.09.03"]

1. d4 Nf6 2. c4 g6 3. Nc3 Bg7 4. e4 d6 5. h3 O-O 6. Be3 c5 7. d5 b5 8. cxb5
a6 9. bxa6 Nbd7 10. Qd2 Qa5 11. Rc1 Bxa6 12. Bxa6 Qxa6 13. b3 Ne5 14. Rd1
c4 15. Nge2 Nd3+ 16. Kf1 Nb4 17. f3 Rfc8 18. Kf2 Nd7 19. Rhf1 Ne5 20. Bd4
Nxa2 21. Nxa2 Qxa2 22. Qxa2 Rxa2 23. bxc4 Rxc4 24. Rfe1 Rcc2 25. Bxe5 Bxe5
26. Rc1 Rcb2 27. Rb1 Bc3 0-1

[Event "60th ch-RUS Higher League"]
[Site "Krasnoyarsk RUS"]
[Date "2007.09.11"]
[Round "8"]
[White "Lintchevski,D"]
[Black "Alavkin,A"]
[Result "1/2-1/2"]
[WhiteElo "2451"]
[BlackElo "2500"]
[EventDate "2007.09.03"]

1. d4 Nf6 2. Nf3 e6 3. g3 b6 4. Bg2 Bb7 5. O-O Be7 6. c4 O-O 7. Nc3 Ne4 8.
Qc2 Nxc3 9. Qxc3 Be4 10. Ne5 Bxg2 11. Kxg2 a5 12. e4 c5 13. Be3 d6 14. Nf3
Nc6 15. d5 Bf6 16. Qd2 exd5 17. Qxd5 Nb4 18. Qd2 Re8 19. a3 Nc6 20. Rad1
Rxe4 21. Qxd6 Qe8 22. Qd3 h6 23. Rfe1 Rd8 24. Qb3 Rb8 25. Bf4 Rb7 26. Qc2
Rbe7 27. Rxe4 Rxe4 28. Rd6 Re2 29. Qa4 Re6 30. Qc2 g5 31. Rxe6 Qxe6 32. Be3
Bg7 33. b3 f5 34. Qd3 Kf8 35. h3 Ke7 36. a4 Kf8 37. Qd5 Qxd5 38. cxd5 Nb4
39. d6 Nd5 40. g4 fxg4 41. hxg4 Kf7 42. Nd2 Ke6 43. Kf3 Kxd6 44. Ke4 Ke6
45. Nc4 Nf6+ 46. Kf3 Nd7 47. Ke4 Nf6+ 48. Kf3 Nd5 49. Ke4 Be5 50. f3 Bc7
51. Bd2 Bd8 52. Kd3 Bc7 53. Ke4 1/2-1/2

[Event "60th ch-RUS Higher League"]
[Site "Krasnoyarsk RUS"]
[Date "2007.09.11"]
[Round "8"]
[White "Kostin,Alexe"]
[Black "Iskusnyh,S"]
[Result "1/2-1/2"]
[WhiteElo "2434"]
[BlackElo "2488"]
[EventDate "2007.09.03"]

1. e4 c5 2. c3 d5 3. exd5 Qxd5 4. d4 Nf6 5. Nf3 Bg4 6. Be2 e6 7. h3 Bh5 8.
O-O Nc6 9. Be3 cxd4 10. Nxd4 Bxe2 11. Qxe2 Be7 12. Nxc6 Qxc6 13. Nd2 O-O
14. Nf3 Nd5 15. Ne5 Qd6 16. Bd4 f6 17. Nd3 e5 18. Bc5 Qc6 19. Bxe7 Nxe7 20.
Nb4 Qe6 21. Rfd1 a5 22. Nc2 Rfd8 23. Nd4 Qc8 24. Nb5 Qc5 25. a4 Nd5 26. Qg4
Qc6 27. g3 Nb6 28. Rxd8+ Rxd8 1/2-1/2

[Event "60th ch-RUS Higher League"]
[Site "Krasnoyarsk RUS"]
[Date "2007.09.11"]
[Round "8"]
[White "Anisimov,P"]
[Black "Voinov,A"]
[Result "1-0"]
[WhiteElo "2482"]
[BlackElo "2428"]
[EventDate "2007.09.03"]

1. e4 d6 2. d4 Nf6 3. Nc3 g6 4. f4 Bg7 5. Nf3 c5 6. dxc5 Qa5 7. Qd4 Nc6 8.
Bb5 O-O 9. Qa4 Qxa4 10. Bxa4 dxc5 11. e5 Nd7 12. Nd5 e6 13. Nc7 Rb8 14. Be3
Nb6 15. Bb5 Rd8 16. Bxc5 Bf8 17. Bxf8 Kxf8 18. Na6 bxa6 19. Bxc6 Nc4 20. b3
Ne3 21. Kf2 Nxc2 22. Rad1 Rxd1 23. Rxd1 Bb7 24. Bxb7 Rxb7 25. Rd8+ Kg7 26.
Nd2 Nb4 27. Ne4 Nd5 28. Nd6 Rb4 29. g3 Rd4 30. Rd7 Rd2+ 31. Kf3 g5 32. f5
g4+ 33. Kxg4 Ne3+ 34. Kf3 Nf1 35. fxe6 1-0

[Event "60th ch-RUS Higher League"]
[Site "Krasnoyarsk RUS"]
[Date "2007.09.11"]
[Round "8"]
[White "Pevzner,L"]
[Black "Sidorov,A"]
[Result "1-0"]
[WhiteElo "2395"]
[BlackElo "2438"]
[EventDate "2007.09.03"]

1. c4 Nf6 2. Nc3 e6 3. e4 Nc6 4. Nf3 e5 5. d4 Bb4 6. dxe5 Nxe4 7. Qc2 Nxc3
8. bxc3 Be7 9. Bd3 h6 10. O-O O-O 11. Qe2 f5 12. exf6 Bxf6 13. Qe4 d6 14.
Bxh6 Rf7 15. Qh7+ Kf8 16. Bg6 Bf5 17. Rae1 Ne5 18. Nxe5 dxe5 19. Be3 Bxg6
20. Bc5+ Ke8 21. Qxg6 b6 22. Rxe5+ Bxe5 23. Qe6+ Re7 24. Bxe7 1-0

[Event "60th ch-RUS Higher League"]
[Site "Krasnoyarsk RUS"]
[Date "2007.09.11"]
[Round "8"]
[White "Petrukhin,D"]
[Black "Kremenietsky,AnM"]
[Result "1-0"]
[WhiteElo "2412"]
[BlackElo "2353"]
[EventDate "2007.09.03"]

1. e4 d6 2. d4 Nf6 3. Nc3 g6 4. Be3 c6 5. Qd2 Bg7 6. Nf3 O-O 7. Bh6 Bg4 8.
Be2 Nbd7 9. e5 dxe5 10. dxe5 Ne8 11. O-O-O Qa5 12. Bg5 Bxf3 13. gxf3 Qxe5
14. f4 Qd6 15. Qe3 Qc7 16. Bxe7 Bh6 17. Kb1 Nef6 18. Bd6 Qa5 19. Bxf8 Nxf8
20. Qe7 Re8 21. Qxf6 Bg7 22. Qd6 Bxc3 23. Bc4 Bg7 24. a3 Re4 25. Bb3 Bh6
26. Rd4 Bxf4 27. Qf6 1-0

[Event "60th ch-RUS Higher League"]
[Site "Krasnoyarsk RUS"]
[Date "2007.09.11"]
[Round "8"]
[White "Keosidi,K"]
[Black "Gavrilov,Al1"]
[Result "0-1"]
[WhiteElo "2409"]
[BlackElo "2512"]
[EventDate "2007.09.03"]

1. e4 e5 2. Nf3 Nc6 3. Nc3 Nf6 4. d4 exd4 5. Nxd4 Bb4 6. Nxc6 bxc6 7. Bd3
d5 8. exd5 cxd5 9. O-O O-O 10. Bg5 c6 11. Qf3 Bd6 12. Rae1 Rb8 13. Ne2 Be5
14. b3 h6 15. Bh4 Qd6 16. Bg3 Re8 17. h3 Bd7 18. Bxe5 Qxe5 19. Qf4 Qxf4 20.
Nxf4 g5 21. Ne2 c5 22. Ng3 a5 23. f3 h5 24. Kf2 h4 25. Rxe8+ Rxe8 26. Ne2
Nh5 27. Rd1 Bc6 28. Nc3 Nf4 29. Bf1 d4 30. Nb5 Nd5 31. Nd6 Re6 32. Nc4 Bb5
33. Bd3 Nc3 34. Rg1 a4 35. bxa4 Bxa4 36. g3 Bxc2 37. Bxc2 Re2+ 38. Kf1 Rxc2
39. gxh4 Rc1+ 40. Kf2 Rxg1 41. Kxg1 gxh4 42. a3 Kf8 43. Kf2 Ke7 44. Ke1 Ke6
45. Kd2 Kd5 46. Kd3 Na4 47. f4 f5 48. Ne5 c4+ 49. Kd2 Nc5 50. Nf3 c3+ 51.
Kc2 Ke4 52. Nxh4 Na4 0-1

[Event "60th ch-RUS Higher League"]
[Site "Krasnoyarsk RUS"]
[Date "2007.09.12"]
[Round "9"]
[White "Smirnov,P"]
[Black "Tregubov,P"]
[Result "0-1"]
[WhiteElo "2636"]
[BlackElo "2599"]
[EventDate "2007.09.03"]

1. e4 c5 2. Nf3 Nc6 3. d4 cxd4 4. Nxd4 Nf6 5. Nc3 e5 6. Ndb5 d6 7. Bg5 a6
8. Na3 b5 9. Bxf6 gxf6 10. Nd5 f5 11. Bd3 Be6 12. O-O Bxd5 13. exd5 Ne7 14.
c4 Bg7 15. Rb1 bxc4 16. Nxc4 O-O 17. Re1 f4 18. b4 f5 19. Bf1 Ng6 20. Rb3
e4 21. Qd2 Qf6 22. a4 Rae8 23. b5 axb5 24. axb5 f3 25. gxf3 Nh4 26. Qf4
Nxf3+ 27. Rxf3 exf3 28. Rxe8 Qg6+ 29. Qg3 Rxe8 30. Nxd6 Re2 31. Nc4 f4 32.
Qxg6 hxg6 33. d6 Kf8 34. b6 Bd4 35. h4 Bxf2+ 36. Kh2 Bxb6+ 37. Kh3 Bc5 38.
Kg4 Re1 39. Bh3 f2 40. d7 Rg1+ 0-1

[Event "60th ch-RUS Higher League"]
[Site "Krasnoyarsk RUS"]
[Date "2007.09.12"]
[Round "9"]
[White "Galkin,A"]
[Black "Novikov,St"]
[Result "1/2-1/2"]
[WhiteElo "2608"]
[BlackElo "2562"]
[EventDate "2007.09.03"]

1. Nf3 Nf6 2. d4 g6 3. g3 Bg7 4. Bg2 O-O 5. O-O d6 6. Re1 Nbd7 7. e4 e5 8.
Nc3 c6 9. a4 Re8 10. h3 Qc7 11. Be3 b6 12. Qd2 Bb7 13. Rad1 Rad8 14. Bg5 a6
15. d5 cxd5 16. Nxd5 Bxd5 17. exd5 Rc8 18. c3 Qb7 19. Nh2 Nc5 20. Qc2 b5
21. axb5 axb5 22. Nf1 b4 23. Nd2 b3 24. Qb1 Nfd7 25. g4 Ra8 26. Nf1 Ra2 27.
Be3 Na4 28. Rd2 Ndb6 29. Rde2 Nc4 30. Bc1 Qb5 31. Be4 Ra8 32. Qd3 Ra5 33.
Qf3 Naxb2 34. Bb1 R5a3 1/2-1/2

[Event "60th ch-RUS Higher League"]
[Site "Krasnoyarsk RUS"]
[Date "2007.09.12"]
[Round "9"]
[White "Grachev,B"]
[Black "Shomoev,A"]
[Result "1-0"]
[WhiteElo "2601"]
[BlackElo "2561"]
[EventDate "2007.09.03"]

1. d4 Nf6 2. Nf3 d5 3. c4 e6 4. e3 Be7 5. Nbd2 O-O 6. Bd3 dxc4 7. Nxc4 c5
8. O-O Nc6 9. dxc5 Bxc5 10. Qe2 Qe7 11. a3 a5 12. e4 e5 13. h3 Rd8 14. Be3
Nd4 15. Nxd4 Bxd4 16. Rac1 Be6 17. Bxd4 Rxd4 18. Nxe5 Bxh3 19. f4 Bg4 20.
Qe3 Rad8 21. Rc3 Bh5 22. Re1 Ng4 23. Nxg4 Bxg4 24. Qg3 h5 25. f5 b5 26.
Bxb5 Rxe4 27. Rxe4 Rd1+ 28. Kh2 Qxe4 29. Rd3 Qxf5 30. Rxd1 Bxd1 31. Bd3 Qc8
32. Qe1 Qc7+ 33. g3 Ba4 34. Qe4 Qd7 35. Qa8+ Qe8 36. Qxa5 g6 37. Bc4 Bc6
38. Qc7 Kg7 39. b3 h4 40. gxh4 Qe4 41. Qxf7+ Kh6 42. Qf2 Qe5+ 43. Kg1 Qe4
44. Qg3 Qd4+ 45. Kf1 Qd1+ 46. Kf2 Qc2+ 47. Ke3 Qc3+ 48. Bd3 Qc1+ 49. Kd4
Qb2+ 50. Kc5 Qc3+ 51. Kb6 Qxb3+ 52. Kxc6 Qc3+ 53. Kd5 Qa5+ 54. Ke6 Qb6+ 55.
Qd6 Qe3+ 56. Kd7 Qa7+ 57. Kc6 Qa4+ 58. Kb6 Qb3+ 59. Ka5 Qc3+ 60. Ka4 Kg7
61. Qxg6+ Kf8 62. Qf5+ Kg7 63. Qg4+ Kh8 64. Qc4 Qe5 65. Qe4 1-0

[Event "60th ch-RUS Higher League"]
[Site "Krasnoyarsk RUS"]
[Date "2007.09.12"]
[Round "9"]
[White "Makarov,M"]
[Black "Lastin,A"]
[Result "1-0"]
[WhiteElo "2518"]
[BlackElo "2583"]
[EventDate "2007.09.03"]

1. d4 d5 2. c4 c6 3. Nf3 Nf6 4. Nc3 e6 5. Bg5 h6 6. Bxf6 Qxf6 7. e3 Nd7 8.
Bd3 dxc4 9. Bxc4 g6 10. O-O Bg7 11. Qc2 O-O 12. Ne4 Qe7 13. Bb3 e5 14. Nc3
Kh8 15. Rad1 f5 16. d5 e4 17. Nd4 Ne5 18. Nce2 Bd7 19. Nf4 Rfc8 20. d6 Qf6
21. Nde6 Rab8 22. Qc5 Kh7 23. Qxa7 b6 24. Nxg7 Qxg7 25. Be6 Rd8 26. Bxd7
Qxd7 27. Qa3 g5 28. Qc3 Re8 29. Nh5 Kg6 30. Ng3 Re6 31. f3 exf3 32. gxf3
Rf8 33. Qd4 c5 34. Qd5 f4 35. Qe4+ Kg7 36. exf4 Ng6 37. Nh5+ Kh8 38. Qd5
gxf4 39. Rfe1 Rxe1+ 40. Rxe1 Rf5 41. Qe6 1-0

[Event "60th ch-RUS Higher League"]
[Site "Krasnoyarsk RUS"]
[Date "2007.09.12"]
[Round "9"]
[White "Popov,Val"]
[Black "Romanov,E"]
[Result "0-1"]
[WhiteElo "2577"]
[BlackElo "2521"]
[EventDate "2007.09.03"]

1. Nf3 d5 2. d4 Nf6 3. c4 e6 4. Nc3 dxc4 5. e4 Bb4 6. Bg5 c5 7. e5 cxd4 8.
Qa4+ Nc6 9. O-O-O Bd7 10. Ne4 Be7 11. exf6 gxf6 12. Bh4 Rc8 13. Kb1 Na5 14.
Qc2 e5 15. Nxd4 exd4 16. Rxd4 Qb6 17. Rd5 Be6 18. Rh5 Bg4 19. Qa4+ Nc6 20.
Rb5 Qa6 21. Qxa6 bxa6 22. Rd5 Be6 23. Nxf6+ Kf8 24. Rd1 h5 25. g3 Rh6 26.
Nd7+ Ke8 27. Bxe7 Nxe7 28. Ne5 Rc5 29. Nf3 Bg4 30. Be2 0-1

[Event "60th ch-RUS Higher League"]
[Site "Krasnoyarsk RUS"]
[Date "2007.09.12"]
[Round "9"]
[White "Vorobiov,E"]
[Black "Kokarev,Dm"]
[Result "0-1"]
[WhiteElo "2572"]
[BlackElo "2551"]
[EventDate "2007.09.03"]

1. e4 c5 2. Nf3 d6 3. d4 cxd4 4. Nxd4 Nf6 5. Nc3 a6 6. Bc4 e6 7. Bb3 Nbd7
8. Bg5 Nc5 9. f4 Qa5 10. Qd2 Be7 11. O-O h6 12. Bxf6 Bxf6 13. Rad1 O-O 14.
Kh1 Bd7 15. f5 Rad8 16. Qe3 Bc8 17. Qh3 Nxb3 18. axb3 Qc5 19. Qd3 b5 20. b4
Qc7 21. Nde2 Qe7 22. Nf4 Be5 23. fxe6 fxe6 24. Ng6 Rxf1+ 25. Qxf1 Qg5 26.
Nxe5 dxe5 27. Rxd8+ Qxd8 28. Qd3 Qf8 29. Kg1 Kh7 30. Nd1 Qxb4 31. c3 Qc5+
32. Qe3 Qd6 33. Nf2 a5 34. g4 b4 35. cxb4 Qxb4 36. Qe2 Bd7 37. Kg2 Bb5 38.
Qc2 Qe1 39. Kf3 Qg1 40. Qb3 Bf1 41. Qd1 Bg2+ 42. Kg3 Qxd1 43. Nxd1 Bxe4 44.
Ne3 Bd3 0-1

[Event "60th ch-RUS Higher League"]
[Site "Krasnoyarsk RUS"]
[Date "2007.09.12"]
[Round "9"]
[White "Potkin,V"]
[Black "Kabanov,N"]
[Result "1-0"]
[WhiteElo "2591"]
[BlackElo "2509"]
[EventDate "2007.09.03"]

1. d4 Nf6 2. Nf3 e6 3. c4 c5 4. d5 exd5 5. cxd5 d6 6. Nc3 g6 7. e4 a6 8. h3
b5 9. Bd3 Bg7 10. O-O O-O 11. a3 Ra7 12. Re1 Re7 13. Bf4 Rfe8 14. Rc1 b4
15. axb4 cxb4 16. Na4 Nxe4 17. Bxe4 Rxe4 18. Rxe4 Rxe4 19. Bxd6 Qxd6 20.
Rxc8+ Bf8 21. Nc5 Rc4 22. Nb7 Rxc8 23. Nxd6 Bxd6 24. g3 Nd7 25. Ng5 Be5 26.
Qg4 Rc7 27. Qxb4 h6 28. Ne4 f5 29. Nc3 Kf7 30. Qa4 Nc5 31. Qa5 Bd6 32. b4
Nd7 33. Qxa6 Bxb4 34. Qe6+ Kg7 35. d6 Ra7 36. Nb5 Rb7 37. Qd5 1-0

[Event "60th ch-RUS Higher League"]
[Site "Krasnoyarsk RUS"]
[Date "2007.09.12"]
[Round "9"]
[White "Anisimov,P"]
[Black "Maletin,P"]
[Result "1/2-1/2"]
[WhiteElo "2482"]
[BlackElo "2567"]
[EventDate "2007.09.03"]

1. e4 c5 2. Nf3 Nc6 3. d4 cxd4 4. Nxd4 Nf6 5. Nc3 e5 6. Ndb5 d6 7. Bg5 a6
8. Na3 b5 9. Nd5 Be7 10. Bxf6 Bxf6 11. c4 b4 12. Nc2 a5 13. g3 O-O 14. h4
Be6 15. Bh3 Nd4 16. Nxd4 exd4 17. Qd3 Rc8 18. b3 Bxd5 19. exd5 Re8+ 20. Kf1
Rc7 21. Kg2 h5 22. Rhe1 Rce7 23. Rxe7 Qxe7 24. Kf1 g6 25. Bg2 Qe5 26. Bf3
Bd8 27. Rd1 Bb6 28. Qd2 Qf6 29. Kg2 Kg7 30. Be2 Qe5 31. Bd3 f5 32. Kf1 Qf6
33. Re1 Re5 34. Re2 Qe7 35. Qb2 f4 36. Rxe5 Qxe5 37. Qe2 Qxe2+ 1/2-1/2

[Event "60th ch-RUS Higher League"]
[Site "Krasnoyarsk RUS"]
[Date "2007.09.12"]
[Round "9"]
[White "Turov,M"]
[Black "Lintchevski,D"]
[Result "1-0"]
[WhiteElo "2561"]
[BlackElo "2451"]
[EventDate "2007.09.03"]

1. d4 d5 2. c4 c6 3. Nc3 Nf6 4. e3 a6 5. Qc2 g6 6. Bd3 Bg7 7. Nf3 O-O 8.
O-O Bg4 9. Ne5 Be6 10. c5 Nbd7 11. Nxd7 Qxd7 12. Bd2 Bf5 13. Bxf5 Qxf5 14.
Qxf5 gxf5 15. f3 Nd7 16. Ne2 Rfc8 17. Rfc1 b6 18. cxb6 Nxb6 19. Bb4 e6 20.
b3 a5 21. Bd6 a4 22. Nf4 Nd7 23. Nd3 Bf6 24. Kf2 Kg7 25. b4 Nb6 26. a3 Nc4
27. Be5 Bxe5 28. Nxe5 Nxe5 29. dxe5 f6 30. exf6+ Kxf6 31. Rc5 Ke7 32. Rac1
Kd7 33. f4 Ra6 34. Ke2 Rg8 35. g3 h5 36. Kd3 Kd6 37. R1c2 Rg4 38. b5 cxb5
39. Rxb5 h4 40. gxh4 Rxh4 41. Rb4 Rg4 42. Rcb2 Rg1 43. Rb1 Rg2 44. R4b2
Rxb2 45. Rxb2 Rc6 46. Rb4 Rc1 47. Rxa4 Rd1+ 48. Ke2 Rh1 49. Ra6+ Kc5 50.
Rxe6 Rxh2+ 51. Kd3 Ra2 52. Ra6 Ra1 53. Ra5+ Kd6 54. Ra8 Rd1+ 55. Kc3 Rc1+
56. Kd2 Ra1 57. Ra6+ Kc5 58. Kc3 Rc1+ 59. Kd3 Rd1+ 60. Ke2 Ra1 61. Kf3 d4
62. exd4+ Kxd4 63. Ra4+ Kd3 64. Ra5 Rf1+ 65. Kg3 Rg1+ 66. Kf2 Ra1 67. Re5
Kd4 68. Re3 Rb1 69. a4 Ra1 70. Re5 Rxa4 71. Kg3 Ra3+ 72. Kh4 Re3 73. Rxf5
Re8 74. Ra5 Ke4 75. f5 Kf4 76. Kh5 Rg8 1-0

[Event "60th ch-RUS Higher League"]
[Site "Krasnoyarsk RUS"]
[Date "2007.09.12"]
[Round "9"]
[White "Panarin,M"]
[Black "Pevzner,L"]
[Result "1-0"]
[WhiteElo "2529"]
[BlackElo "2395"]
[EventDate "2007.09.03"]

1. d4 Nf6 2. c4 d6 3. Nc3 Nbd7 4. e4 e5 5. Nf3 Be7 6. Be2 O-O 7. O-O c6 8.
Re1 a6 9. a3 a5 10. b3 Re8 11. Bf1 Bf8 12. g3 exd4 13. Nxd4 g6 14. Bg2 Bg7
15. h3 Nc5 16. Bf4 Nfd7 17. Be3 Ne5 18. Re2 a4 19. f4 Ned7 20. b4 Nb3 21.
Nxb3 axb3 22. Qxb3 Nb6 23. Rd2 Na4 24. Nxa4 Bxa1 25. e5 Be6 26. Rxd6 Qc7
27. Nc5 Rad8 28. Nxe6 Rxe6 29. c5 Rde8 30. Kh2 Qe7 31. Qd1 Bxe5 32. Rd7 Qf6
33. fxe5 Qxe5 34. Qf3 f5 35. Bd4 Qe1 36. Rg7+ Kf8 37. Qf4 R6e7 38. Qh6 1-0

[Event "60th ch-RUS Higher League"]
[Site "Krasnoyarsk RUS"]
[Date "2007.09.12"]
[Round "9"]
[White "Gavrilov,Al1"]
[Black "Kostin,Alexe"]
[Result "1-0"]
[WhiteElo "2512"]
[BlackElo "2434"]
[EventDate "2007.09.03"]

1. d4 Nf6 2. c4 e6 3. Nf3 c5 4. d5 exd5 5. cxd5 d6 6. Nc3 g6 7. h3 Bg7 8.
e4 O-O 9. Bd3 Na6 10. O-O Nb4 11. Bb1 Bd7 12. Bf4 Qe7 13. Re1 Rfe8 14. a3
Na6 15. Bd3 Nc7 16. Bf1 Rac8 17. e5 dxe5 18. Nxe5 Qd8 19. Qf3 Nh5 20. Bh2
Bxe5 21. Bxe5 Qg5 22. Bxc7 Rxc7 23. d6 Rcc8 24. Qxb7 Red8 25. Qd5 Qf6 26.
Rad1 Be6 27. Qe5 Rc6 28. Qe3 Ng7 29. Ne4 Qe5 30. Qh6 Ne8 31. Qh4 f6 32. Bb5
Bb3 33. Bxc6 Bxd1 34. Bxe8 g5 35. Qg3 Qxb2 36. Rxd1 Rxe8 37. d7 Rd8 38. Qd6
1-0

[Event "60th ch-RUS Higher League"]
[Site "Krasnoyarsk RUS"]
[Date "2007.09.12"]
[Round "9"]
[White "Alavkin,A"]
[Black "Petrukhin,D"]
[Result "1/2-1/2"]
[WhiteElo "2500"]
[BlackElo "2412"]
[EventDate "2007.09.03"]

1. e4 e5 2. Nf3 Nc6 3. Bb5 a6 4. Ba4 Nf6 5. O-O b5 6. Bb3 Bc5 7. a4 Rb8 8.
c3 d6 9. d4 Bb6 10. a5 Ba7 11. h3 O-O 12. Be3 Ra8 13. Re1 Re8 14. Bg5 h6
15. Bh4 Bb7 16. Qd3 1/2-1/2

[Event "60th ch-RUS Higher League"]
[Site "Krasnoyarsk RUS"]
[Date "2007.09.12"]
[Round "9"]
[White "Sidorov,A"]
[Black "Nechepurenko,R"]
[Result "0-1"]
[WhiteElo "2438"]
[BlackElo "2510"]
[EventDate "2007.09.03"]

1. c4 Nf6 2. Nc3 d5 3. cxd5 Nxd5 4. Qa4+ Nc6 5. Nf3 Nb6 6. Qb5 a6 7. Qb3 e5
8. d3 Nd4 9. Nxd4 exd4 10. Ne4 Be7 11. Qc2 O-O 12. g3 Be6 13. Bg2 Bd5 14.
O-O c5 15. Nd2 Rc8 16. Bxd5 Nxd5 17. a4 b6 18. Qb3 Rc6 19. Nf3 Re6 20. Re1
Re8 21. Qc4 Qa8 22. Bd2 Bf8 23. Ng5 Rxe2 24. Rxe2 Rxe2 25. Ne4 Nf6 26.
Nxf6+ gxf6 27. Bf4 Rxb2 28. Qc1 Re2 29. Qc4 Qb7 30. Rb1 b5 31. axb5 axb5
32. Qb3 Qc6 33. Rc1 c4 34. dxc4 bxc4 35. Qd1 d3 36. Be3 Bb4 37. Qf1 Rxe3
38. fxe3 Bd2 0-1

[Event "60th ch-RUS Higher League"]
[Site "Krasnoyarsk RUS"]
[Date "2007.09.12"]
[Round "9"]
[White "Voinov,A"]
[Black "Iskusnyh,S"]
[Result "1/2-1/2"]
[WhiteElo "2428"]
[BlackElo "2488"]
[EventDate "2007.09.03"]

1. d4 Nf6 2. Nf3 g6 3. g3 Bg7 4. Bg2 O-O 5. O-O c6 6. c4 d6 7. Nc3 Qb6 8.
h3 Qa6 9. Qd3 Be6 10. b3 d5 11. Ne5 Rd8 12. Bb2 dxc4 13. Nxc4 Nbd7 14. Ne5
Qa5 15. Nf3 Nd5 16. e4 Nxc3 17. Bxc3 Qh5 18. g4 Ne5 19. Qe3 Nxf3+ 1/2-1/2